00696 a2200133 4500020001500000082001800015245034600033260005100379300003400430650002000464650003300484650002500517650002000542 a9054106964 a624.15136 BLI aMechanics of residual soils :ba guide to the formation, classification and geotechnical properties of residual soils, with advice for geotechnical design /cedited by G.E. Blight ; prepared by Technical Committee 25 on the Properties of Tropical and Residual Soils of the International Society for Soil Mechanics and Foundation Engineering. aRotterdam ;aBrookfield, VT :bBalkema,c1997. avii, 237 p. :bill. ;c26 cm. aSoil mechanics. aResidual materials (Geology) aEngineering geology. aSoilszTropics.